000 01443nam a2200217Ia 4500
003 Ost
005 20260416102358.0
008 260416s9999||||xx |||||||||||||| ||und||
040 _cfsecg
041 _aara
082 _a658
100 _aطلحي، كوثر
_eمؤلف
245 0 _a مدخل إدارة أعمال :
_bمطبوعة موجهة لطلبة السنة أولى (السداسي الثاني)ليسانس جذع مشترك LMD /
_c كوثر طلحي
260 _aالجزائر
_bجامعة الجزائر3: كلية العلوم الإقتصادية، العلوم التجارية وعلوم التسيير
_c2021
300 _a188 ورقة
_bايضاحات
_c30 سم
504 _aمراجع ص.183
520 _aمفاهيم أساسية حول الإدارة وتطور الفكر الإداري في العصور القديمة و الوسطى و في العصر الحديث -المدرسة الكلاسيكة- ، -المدرسة السلوكية-، -المدارس الحديثة- و وظائف الإدارة -وظيفة التخطيط- ، -وظيفة التنظيم- ، -وظيفة التوجيه- (القيادة ، التحفيز و الاتصال) ، -وظيفة الرقابة- .
653 _aادارة الاعمال
710 _aجامعة الجزائر3: كلية العلوم الإقتصادية، العلوم التجارية وعلوم التسيير
_eناشر علمي
942 _cHANDOUT
999 _c41286
_d41286